| 000 | 00897nam a22002297a 4500 | ||
|---|---|---|---|
| 999 |
_c18136 _d18136 |
||
| 003 | AR-CdUCM | ||
| 008 | 190513b ||||| |||| 00| 0 spa d | ||
| 040 |
_aMUNICIPALIDAD PROVINCIAL DEL CUSCO _cBIBLIOTECA MUNICIPAL DEL CUSCO |
||
| 082 |
_a189 / _bL66 |
||
| 110 |
_aPUCP _aInstituto Riva - Agüero _938544 |
||
| 245 | _aEstudios de Filosofia 1 / | ||
| 260 |
_aLima : _bPublicación del instituto Riva Aguero, _c1975. |
||
| 300 |
_a140 páginas ; _c24 cm. |
||
| 440 |
_aPublicación del instituto Riva Aguero _n93 _938545 |
||
| 500 | _aHomenaje a Santo Tomas de Aquino | ||
| 505 | _aContenido: Jacques Maritain, el humanismo de Santo Tomas de Aquino -- Bertrand Rioux, la nacion de verdad en Heidegger y Santo Tomas de Aquino... | ||
| 650 |
_aFilosofia _9395 |
||
| 650 |
_aSanto Tomas _916582 |
||
| 650 |
_aEl problema de la verdad _938546 |
||
| 942 |
_2ddc _cLIBROS |
||
| 945 |
_adavv _d2019-05-13 |
||